Central Library OPAC University of Rajshahi

স্বৈরাচারের দশ বছর / (Record no. 78470)

MARC details
000 -LEADER
fixed length control field 00877nam a2200241 a 4500
001 - CONTROL NUMBER
control field 78470
003 - CONTROL NUMBER IDENTIFIER
rucl marc code BD-RjUL
005 - DATE AND TIME OF LATEST TRANSACTION
control field 20211209083131.0
008 - FIXED-LENGTH DATA ELEMENTS--GENERAL INFORMATION
fixed length control field 210926s1970 pk ||||| |||| 00| 0 ben d
020 ## - INTERNATIONAL STANDARD BOOK NUMBER
Terms of availability : PRs. 12.00
035 ## - SYSTEM CONTROL NUMBER
System control number (BD-RjUL)78696
040 ## - CATALOGING SOURCE
Original cataloging agency BD-RjUL
Language of cataloging ben
Transcribing agency BD-RjUL
041 ## - LANGUAGE CODE
Language code of text/sound track or separate title ben
082 ## - DEWEY DECIMAL CLASSIFICATION NUMBER
Classification number 954.9204
Author mark and year KHS 1970
100 ## - MAIN ENTRY--PERSONAL NAME
Personal name খান, আতাউর রহমান
9 (RLIN) 119519
245 10 - TITLE STATEMENT
Title স্বৈরাচারের দশ বছর /
Statement of responsibility, etc. আতাউর রহমান খান
250 ## - EDITION STATEMENT
Edition statement ১ম সং.
260 ## - PUBLICATION, DISTRIBUTION, ETC. (IMPRINT)
Place of publication, distribution, etc. ঢাকা :
Name of publisher, distributor, etc. নওরোজ কিতাবিস্তান,
Date of publication, distribution, etc. ১৯৭০
300 ## - PHYSICAL DESCRIPTION
Pagination [৮], ৪৩০ পৃ. ;
Size ২১ সেমি.
651 ## - SUBJECT ADDED ENTRY--GEOGRAPHIC NAME
Geographic name বাংলাদেশ
General subdivision ইতিহাস
Chronological subdivision ১৯৪৭-১৯৭১
9 (RLIN) 248468
Geographic name Bangladesh
General subdivision History
Chronological subdivision 1947-1971
9 (RLIN) 248469
942 ## - ADDED ENTRY ELEMENTS (KOHA)
Source of classification or shelving scheme Dewey Decimal Classification
Koha item type Rare Books
Holdings
Lost status Source of classification or shelving scheme Damaged status Not for loan Collection code Permanent Location Current Location Shelving location Date acquired Source of acquisition Cost, normal purchase price Total Checkouts Full call number Date last seen Copy number Koha item type
  Dewey Decimal Classification   Not For Loan Rare Books Central Library, University of Rajshahi Central Library, University of Rajshahi Rare Book Section 05/09/1973 Dacca, Nawroze Kitabistan 12.00   BRA 954.9204 KHS 1970 26/09/2021 C-1 Rare Books